Miesto a úloha BZCS, a.s. v platobnom systéme Slovenska
Kľúčovú úlohu v platobnom systéme Slovenska zohráva Bankové zúčtovacie centrum Slovenska, a.s. (BZCS, vzniklo 1992). Všetky banky v súlade s nariadením NBS sú povinné uskutočňovať medzibankové platby prostredníctvom BZCS. Základné činnosti BZCS. Platobné transakcie. Zúčtovanie medzištátnych platieb...
Salvato in:
| Autore principale: | |
|---|---|
| Natura: | Capitolo di libro |
| Lingua: | slovacco |
| Soggetti: | |
| Tags: |
Nessun Tag, puoi essere il primo ad aggiungerne!!
|
MARC
| LEADER | 00000naa a2200000 4500 | ||
|---|---|---|---|
| 001 | r016524 | ||
| 005 | 20221205101335.4 | ||
| 041 | 0 | |a slo | |
| 044 | |a SK | ||
| 245 | 1 | 0 | |a Miesto a úloha BZCS, a.s. v platobnom systéme Slovenska |c R. Požgay |
| 520 | |a Kľúčovú úlohu v platobnom systéme Slovenska zohráva Bankové zúčtovacie centrum Slovenska, a.s. (BZCS, vzniklo 1992). Všetky banky v súlade s nariadením NBS sú povinné uskutočňovať medzibankové platby prostredníctvom BZCS. Základné činnosti BZCS. Platobné transakcie. Zúčtovanie medzištátnych platieb s ČR. | ||
| 610 | 2 | 0 | |a Bankové zúčtovacie centrum Slovenska, a.s. Bratislava |
| 610 | 2 | 0 | |a Slovensko |
| 610 | 2 | 0 | |a klíring |
| 610 | 2 | 0 | |a styk platobný |
| 610 | 2 | 0 | |a banky |
| 610 | 2 | 0 | |a Česko |
| 100 | 1 | |a Požgay, R. | |